| Поле | Инд. | ПП | Название | Значение |
|---|---|---|---|---|
| Тип записи | a | |||
| Библиографический уровень | m | |||
| 001 | Контрольный номер | RU/IS/BASE/433852106 | ||
| 005 | Дата корректировки | 20250530124729.9 | ||
| 008 | Кодируемые данные | 20130930 | ||
| 020 | a | ISBN | 5-280-01205-X | |
| 040 | b | Код языка каталог. | rus | |
| e | Правила каталог. | PSBO | ||
| 041 | 0_ | a | Код языка текста | rus |
| 084 | a | Индекс другой классификации/Индекс ББК | 84(4Вел)52; 84(4Вел)52-44; 84(4Вел)52-5 | |
| 090 | a | Полочн. индекс | 84(4Вел)52 | |
| x | Авторский знак | Б 885 | ||
| 100 | 1_ | a | Автор | Бронте Ш. |
| q | Полное имя | Бронте Шарлотта | ||
| 245 | a | Заглавие | Джейн Эйр | |
| b | Продолж. заглавия | роман: стихотворения | ||
| c | Ответственность | перевод с английского В. О. Станевич, Т. Гутиной; составление, предисловие Е. Гениевой; вступительная статья В. Татаринова; редакторы Н. Будавей, С. Митюшина; художник Ф. Эйхенберг | ||
| 260 | a | Место издания | Москва | |
| b | Издательство | Художественная литература | ||
| c | Дата издания | 1990 | ||
| 300 | a | Объем | 447 с. | |
| 336 | a | Термин вида содержания | Текст | |
| 337 | a | Термин типа средства | непосредственный | |
| 440 | a | Серия | Сестры Бронте | |
| 650 | a | Основная рубрика | художественная литература | |
| 653 | a | Ключевые слова | XIX век | |
| a | Ключевые слова | английская литература | ||
| a | Ключевые слова | Великобритания | ||
| 655 | a | Жанр/ форма (устаревшее) | проза | |
| a | Жанр/ форма (устаревшее) | роман | ||
| a | Жанр/ форма (устаревшее) | стихотворение | ||
| 700 | a | Автор | Станевич В. О. | |
| e | Роль лиц | переводчик | ||
| 700 | 1_ | a | Автор | Гутина Т. |
| e | Роль лиц | переводчик | ||
| 700 | 1_ | a | Автор | Гениева Е. |
| e | Роль лиц | автор предисловия; составитель | ||
| 700 | 1_ | a | Автор | Будавей Н. |
| e | Роль лиц | редактор | ||
| 700 | 1_ | a | Автор | Митюшина С. |
| e | Роль лиц | редактор | ||
| 700 | 1_ | a | Автор | Эйхенберг Ф. |
| e | Роль лиц | художник | ||
| 787 | w | Контрольный номер связываемой записи | RU/IS/BASE/369924534 | |
| 787 | 18 | w | Контрольный номер связываемой записи | RU/IS/BASE/447947370 |
| 901 | t | Тип документа | m | |
| 952 | a | Тип литературы для КСУ ВШ | ЛХИ |